000 00771nam a2200253 i 4500
001 9805
003 ES-MaACL
005 20250815091736.0
007 t|
008 940113s1992 sp ||||1| spa d
020 _a84-245-0606-5
080 _a301.153.2
080 _a659.3
100 1 _aReig, Ramón.
_995997
245 1 0 _aSobre la comunicación como dominio
_b: (seis paradigmas) /
_cRamón Reig.
260 _aMadrid :
_bFundamentos,
_cD.L. 1992.
300 _a148 p. ;
_c20 cm.
490 1 _aColección ciencia. Serie lingüística
504 _aBibliografía p.: 145-148.
650 1 4 _aComunicación social.
_911203
830 0 0 _aColección ciencia (Fundamentos)
_9227763
852 _aES-MaACL
_jL-17337
_bR.121905
999 _c9805
_d9805